Statistiques concernant Meilleurs pays où être LGBT

Cliquez ici pour prendre le quiz!

Statistiques générales

  • Ce quiz a été pris 509 fois
  • Le résultat moyen est 12 sur 20

Statistiques - réponses

TopPays% Correct
20France
93%
9Espagne
92%
12Allemagne
85%
5Canada
80%
19Belgique
77%
2Norvège
75%
7Pays-Bas
71%
17Suède
70%
15Finlande
67%
3Danemark
63%
14Australie
62%
10Brésil
60%
1Islande
60%
13Luxembourg
56%
18Nouvelle-Zélande
40%
8Andorre
33%
4Malte
31%
11Chili
25%
16Cuba
20%
6Uruguay
16%

Distribution des résultats

Percentile par nombre de réponses

% des personnes avec chaque résultat

Votre développement - résultats

Vous n’avez pas pris ce quiz